LEADER 01167cam0-22004451i-450- 001 990000885890403321 005 20050211100151.0 010 $a0 7204 24550 035 $a000088589 035 $aFED01000088589 035 $a(Aleph)000088589FED01 035 $a000088589 100 $a20020821d1973----km-y0itay50------ba 101 0 $aeng 102 $aNL 105 $ay-------001yy 200 1 $aAlgebra of Polynomials$fH. Lausch and W. Nobauer 210 $aAmsterdam$cNorth-Holland$d1973 215 $axi, 322 p.$d24 cm 225 1 $aNorth-Holland mathematical library$v5 610 0 $aMatematica 610 0 $aInsiemi 610 0 $aStrutture algebriche 676 $a512 676 $a516 700 1$aLausch,$bHans$041704 701 1$aNobauer,$bWilfrid$0345170 801 0$aIT$bUNINA$gRICA$2UNIMARC 901 $aBK 912 $a990000885890403321 952 $aMXXV-A-229$b2336$fMAS 952 $a03 M.0,214$b2832$fIINTC 952 $a02 14 D 19$b1632$fFINBN 952 $aC-32-(5$b15048$fMA1 959 $aIINTC 959 $aFINBN 959 $aMA1 959 $aMAS 996 $aAlgebra of Polynomials$9356248 997 $aUNINA LEADER 04131nam 2200997 a 450 001 9910781441203321 005 20230422050647.0 010 $a1-283-32074-6 010 $a9786613320742 010 $a0-520-92434-7 024 7 $a10.1525/9780520924345 035 $a(CKB)2550000000065353 035 $a(EBL)801359 035 $a(OCoLC)761646209 035 $a(SSID)ssj0000631644 035 $a(PQKBManifestationID)11451871 035 $a(PQKBTitleCode)TC0000631644 035 $a(PQKBWorkID)10599764 035 $a(PQKB)11091924 035 $a(MiAaPQ)EBC801359 035 $a(DE-B1597)520158 035 $a(OCoLC)761290536 035 $a(DE-B1597)9780520924345 035 $a(Au-PeEL)EBL801359 035 $a(CaPaEBR)ebr10509989 035 $a(CaONFJC)MIL332074 035 $a(EXLCZ)992550000000065353 100 $a19991202d2000 uy 0 101 0 $aeng 135 $aur|n|---||||| 181 $ctxt 182 $cc 183 $acr 200 10$aActs of faith$b[electronic resource] $eexplaining the human side of religion /$fRodney Stark and Roger Finke 210 $aBerkeley $cUniversity of California Press$dc2000 215 $a1 online resource (352 p.) 300 $aDescription based upon print version of record. 311 $a0-520-22202-4 311 $a0-520-22201-6 320 $aIncludes bibliographical references (p. 295-324) and index. 327 $tFrontmatter -- $tCONTENTS -- $tIntroduction: Atheism, Faith, and the Social Scientific Study of Religion -- $t1. A New Look at Old Issues -- $t2. Rationality and the "Religious Mind" -- $t3. Secularization, R.I.P. -- $t4. The Micro Foundations of Religion -- $t5. Religious Choices: Conversion and Reaffiliation -- $t6. Religious Group Dynamics -- $t7. Catholic Religious Vocations: Decline and Revival -- $t8. A Theoretical Model of Religious Economies -- $t9. Religious Competition and Commitment: An International Assessment -- $t10. Church-to-Sect Movements -- $tAPPENDIX: Propositions and Definitions -- $tNotes -- $tReferences -- $tIndex 330 $aFinally, social scientists have begun to attempt to understand religious behavior rather than to discredit it as irrational, ignorant, or foolish-and Rodney Stark and Roger Finke have played a major role in this new approach. Acknowledging that science cannot assess the supernatural side of religion (and therefore should not claim to do so), Stark and Finke analyze the observable, human side of faith. In clear and engaging prose, the authors combine explicit theorizing with animated discussions as they move from considering the religiousness of individuals to the dynamics of religious groups and then to the religious workings of entire societies as religious groups contend for support. The result is a comprehensive new paradigm for the social-scientific study of religion. 606 $aReligion and sociology 610 $aacademic. 610 $aagnosticism. 610 $aanthropology. 610 $aatheism. 610 $abelief. 610 $acatholicism. 610 $achristian. 610 $aethics. 610 $afaith. 610 $ahuman nature. 610 $aideology. 610 $amodern religion. 610 $amodern world. 610 $amorals. 610 $amormonism. 610 $aorthodoxy. 610 $aphilosophy. 610 $areligion. 610 $areligious groups. 610 $areligious leaders. 610 $areligious sects. 610 $areligious studies. 610 $aresearch. 610 $ascholarly. 610 $ascience. 610 $asecular. 610 $asocial science. 610 $asocial scientists. 610 $asocial studies. 610 $asociology. 610 $asupernatural. 610 $aworld religion. 615 0$aReligion and sociology. 676 $a306.6 700 $aStark$b Rodney$0127194 701 $aFinke$b Roger$f1954-$0503134 801 0$bMiAaPQ 801 1$bMiAaPQ 801 2$bMiAaPQ 906 $aBOOK 912 $a9910781441203321 996 $aActs of faith$9714008 997 $aUNINA